000 00298nam a22001337a 4500
008 170713b xxu||||| |||| 00| 0 eng d
020 _a9780329183707
041 _aeng
080 _a101
100 _a23
101 _aFIL
245 _aFALLING IN LOVE WITH WISDOM
_cKARNOS, D.D
942 _2udc
_cBK
999 _c20453
_d20453